| 000 | 01022nam a2200265Ia 4500 | ||
|---|---|---|---|
| 003 | OSt | ||
| 005 | 20220923211511.0 | ||
| 006 | a|||||r|||| 00| 0 | ||
| 007 | ta | ||
| 008 | 220922b |||||||| |||| 00| 0 hin d | ||
| 020 |
_a9789380146140 (hbk) _c395 |
||
| 024 | _a289,300 | ||
| 037 |
_bBL190, 10/03/2016, K. K. Publications _cTextual |
||
| 040 |
_aARTS _cARTS _bhin |
||
| 041 |
_2hin _ahin |
||
| 082 | _aO11195,1v, 152N9;Q1 | ||
| 100 |
_aबाली, तारक नाथ _9157452 |
||
| 245 | 0 | _aपाशचात्य काव्यशास्त्र का इतिहास | |
| 246 | _aPāshachātya kāvyashāstra kā itihāsa | ||
| 260 |
_aनयी दिल्ली _b किताबघर प्रकाशन _c2011 |
||
| 300 |
_a320पृ. _ccm. |
||
| 650 |
_aअंग्रेजी साहित्य _9156276 |
||
| 942 |
_hO11195,1v, 152N9;Q1 _cTEXL _2CC |
||
| 999 |
_c300185 _d300185 |
||